[Event "14th EUR-ch"]
[Site "Legnica POL"]
[Date "2013.05.08"]
[Round "4"]
[White "Nasuta, Grzegorz"]
[Black "Mastrovasilis, Athanasios"]
[Result "1-0"]
[WhiteElo "2299"]
[BlackElo "2514"]
[EventDate "2013.05.05"]
[PlyCount "87"]

1.e4 e5 2.Nf3 Nc6 3.Bb5 a6 4.Ba4 Nf6 5.O-O Be7 6.Re1 b5 7.Bb3 d6 8.c3 O-O 
9.h3 Na5 10.Bc2 c5 11.d4 Qc7 12.Nbd2 Rd8 13.d5 c4 14.Nf1 Nb7 15.Bd2 a5 16.
b4 cxb3 17.axb3 Bd7 18.b4 axb4 19.Rxa8 Rxa8 20.cxb4 Nh5 21.Bd3 Ra3 22.Qe2 
Qb6 23.Be3 Qa6 24.Rc1 Bd8 25.Ne1 g6 26.Nc2 Ra2 27.Qd1 Bf6 28.Nd2 Nf4 29.
Bf1 Qa4 30.Nb1 Qb3 31.Qd2 Rb2 32.Nba3 Bd8 33.Nxb5 f5 34.Bxf4 exf4 35.Nbd4 
Qa4 36.Qc3 Rxc2 37.Qxc2 Qxb4 38.Nc6 Qxe4 39.Nxd8 Nxd8 40.Qc7 Qe8 41.Rb1 
Kf8 42.Rb8 Ke7 43.Bb5 f3 44.gxf3 1-0

[Event "14th EUR-ch"]
[Site "Legnica POL"]
[Date "2013.05.08"]
[Round "4"]
[White "Efimenko, Zahar"]
[Black "Cherednichenko, Svetlana"]
[Result "1/2-1/2"]
[WhiteElo "2677"]
[BlackElo "2274"]
[EventDate "2013.05.05"]
[PlyCount "57"]

1.e4 d6 2.g3 g6 3.Bg2 Bg7 4.Ne2 e5 5.O-O Nc6 6.c3 f5 7.exf5 Bxf5 8.d4 Nge7
9.Qb3 Na5 10.Qa4+ c6 11.dxe5 dxe5 12.Bg5 Qc7 13.Na3 Bd3 14.Rfe1 b5 15.Qb4 
Bf8 16.Qg4 Bf5 17.Qh4 O-O-O 18.b4 Nb7 19.c4 Rd3 20.Nc2 bxc4 21.Bf6 Rg8 22.
Qxc4 Nd6 23.Qa6+ Qb7 24.Qa4 Nc4 25.b5 Qxb5 26.Qxa7 Qb7 27.Qa4 Nb6 28.Qh4 
Ned5 29.Bg5 1/2-1/2

[Event "14th EUR-ch"]
[Site "Legnica POL"]
[Date "2013.05.08"]
[Round "4"]
[White "Erturan, Yakup"]
[Black "Wojtaszek, Radoslaw"]
[Result "0-1"]
[WhiteElo "2386"]
[BlackElo "2701"]
[EventDate "2013.05.05"]
[PlyCount "78"]

1.e4 c5 2.Nf3 d6 3.d4 Nf6 4.Nc3 cxd4 5.Nxd4 a6 6.Be3 e6 7.Be2 Qc7 8.a4 Nc6
9.f4 Be7 10.O-O O-O 11.Nb3 b6 12.Bf3 Bb7 13.Qe2 Nd7 14.Rad1 Nc5 15.Nd4 
Rfe8 16.Nxc6 Bxc6 17.e5 dxe5 18.fxe5 Rad8 19.Rxd8 Rxd8 20.Bxc6 Qxc6 21.Qf3
Qxf3 22.gxf3 a5 23.Kf2 f6 24.exf6 gxf6 25.b3 Rc8 26.Nb5 Na6 27.Bxb6 Rxc2+ 
28.Kg3 Bb4 29.Rd1 Kf7 30.Rd7+ Kg6 31.Ra7 Nc5 32.Bxa5 Bxa5 33.Rxa5 Nxb3 34.
Ra6 e5 35.f4 e4 36.Re6 Kf5 37.Re8 Rd2 38.Rb8 Rd3+ 39.Kg2 Kxf4 0-1

[Event "14th EUR-ch"]
[Site "Legnica POL"]
[Date "2013.05.08"]
[Round "4"]
[White "Kurnosov, Igor"]
[Black "Schroll, Gerhard"]
[Result "1-0"]
[WhiteElo "2654"]
[BlackElo "2387"]
[EventDate "2013.05.05"]
[PlyCount "149"]

1.e4 Nf6 2.e5 Nd5 3.d4 d6 4.Nf3 dxe5 5.Nxe5 c6 6.Be2 Nd7 7.Nf3 Qc7 8.O-O 
e6 9.Re1 Bd6 10.c4 N5f6 11.c5 Be7 12.Nc3 O-O 13.Bg5 b6 14.b4 a5 15.a3 axb4
16.axb4 Rxa1 17.Qxa1 Bb7 18.Bd3 Ra8 19.Qb2 Qd8 20.Bb1 Nf8 21.h4 b5 22.Ne4 
Nxe4 23.Bxe4 f6 24.Bf4 Ra6 25.Bc2 Bc8 26.Ra1 Rxa1+ 27.Qxa1 Bd7 28.Qa7 Be8 
29.Bg3 Qd7 30.Qb8 Qd8 31.Qb7 Qd7 32.Qb8 Qd8 33.Qb6 Qd5 34.Qa7 Qd7 35.Qa8 
Qd8 36.Qa2 Qd7 37.Be4 Bg6 38.Bxg6 Nxg6 39.d5 Qxd5 40.Qxd5 cxd5 41.h5 Nf8 
42.c6 Bd8 43.c7 Bxc7 44.Bxc7 e5 45.Nh4 Ne6 46.Bb6 Kf7 47.Be3 g6 48.g4 d4 
49.Bd2 Nc7 50.hxg6+ hxg6 51.f3 g5 52.Nf5 Ke6 53.Kf2 Ne8 54.Ke2 Nd6 55.Nxd6
Kxd6 56.Kd3 Kd5 57.Bc1 Kd6 58.Ke4 Ke6 59.Bb2 Kd6 60.Kf5 Ke7 61.Ba3 Kf7 62.
Bc1 Ke7 63.Bd2 Kf7 64.Be1 Ke7 65.Kg6 Ke6 66.Bd2 Ke7 67.Kg7 Ke6 68.Kf8 f5 
69.gxf5+ Kxf5 70.Kf7 d3 71.Bc1 e4 72.fxe4+ Kxe4 73.Bxg5 Kd4 74.Bd2 Kc4 75.
Ke6 1-0

[Event "14th EUR-ch"]
[Site "Legnica POL"]
[Date "2013.05.08"]
[Round "4"]
[White "Fridman, Daniel"]
[Black "Petrisor, Adrian-Marian"]
[Result "1-0"]
[WhiteElo "2648"]
[BlackElo "2378"]
[EventDate "2013.05.05"]
[PlyCount "119"]

1.Nf3 Nf6 2.c4 e6 3.g3 b6 4.Bg2 Bb7 5.d4 c5 6.d5 exd5 7.O-O dxc4 8.e4 Bxe4
9.Nc3 Bc6 10.Nh4 Be7 11.Nf5 O-O 12.Re1 Re8 13.Bg5 Bf8 14.Rxe8 Qxe8 15.Bxf6
gxf6 16.Qh5 Na6 17.Ne4 Bxe4 18.Qg4+ Kh8 19.Bxe4 d5 20.Bxd5 Rd8 21.Bxc4 Nb4
22.Qh5 Nc2 23.Rc1 Nd4 24.Bd3 Qe5 25.Rc4 Nxf5 26.Bxf5 h6 27.Rf4 Qd5 28.Qh4 
Bg7 29.b3 b5 30.Be4 Qg5 31.Qxg5 hxg5 32.Rf5 Rc8 33.Kf1 Re8 34.Bc6 Re5 35.
Rxe5 fxe5 36.Bxb5 f5 37.Bd7 f4 38.Ke2 Kg8 39.Kd3 Kf7 40.Bf5 Ke7 41.Kc4 Kd6
42.Be4 Bf6 43.Kb5 Bd8 44.Bf3 Ke6 45.Kc6 Kf5 46.g4+ Ke6 47.Bd5+ Ke7 48.f3 
Bb6 49.Be4 Ke6 50.h3 Ke7 51.Kd5 Kf6 52.Kd6 a5 53.Kc6 Bd8 54.Kxc5 Be7+ 55.
Kb5 Bb4 56.a3 Bxa3 57.Kxa5 Ke6 58.b4 Kd6 59.b5 Kc7 60.b6+ 1-0

[Event "14th EUR-ch"]
[Site "Legnica POL"]
[Date "2013.05.08"]
[Round "4"]
[White "Nyzhnyk, Illya"]
[Black "Tomazini, Zan"]
[Result "1-0"]
[WhiteElo "2635"]
[BlackElo "2370"]
[EventDate "2013.05.05"]
[PlyCount "55"]

1.d4 Nf6 2.c4 g6 3.Nf3 Bg7 4.g3 c5 5.Bg2 O-O 6.Nc3 cxd4 7.Nxd4 Qc7 8.Ncb5 
Qb6 9.O-O e5 10.Nf3 e4 11.Ng5 d5 12.Be3 Qa5 13.Bc5 Rd8 14.b4 Qa6 15.Nc7 
Qc6 16.Nxa8 b6 17.Be7 Rd7 18.cxd5 Nxd5 19.Rc1 Nc3 20.Rxc3 Bxc3 21.Bxe4 
Rxd1 22.Rxd1 Qc4 23.Rd8+ Kg7 24.Bf8+ Kf6 25.Nxh7+ Ke6 26.Rd6+ Ke5 27.Bd3 
Qd4 28.Rxd4 1-0

[Event "14th EUR-ch"]
[Site "Legnica POL"]
[Date "2013.05.08"]
[Round "4"]
[White "Lomsadze, Davit"]
[Black "Mista, Aleksander"]
[Result "0-1"]
[WhiteElo "2370"]
[BlackElo "2574"]
[EventDate "2013.05.05"]
[PlyCount "98"]

1.Nf3 c5 2.g3 g6 3.Bg2 Bg7 4.O-O Nc6 5.c4 e6 6.Nc3 Nge7 7.d3 O-O 8.Bd2 d5 
9.Rb1 b6 10.a3 Bb7 11.b4 cxb4 12.axb4 dxc4 13.dxc4 Rc8 14.c5 bxc5 15.bxc5 
Na5 16.Na4 Bc6 17.Nb2 Be4 18.Qa4 Bxb1 19.Bxa5 Bc2 20.Bxd8 Bxa4 21.Bxe7 
Bxb2 22.Bxf8 Kxf8 23.Rb1 Bf6 24.Nd2 a5 25.Ne4 Be5 26.Rb7 Bc6 27.Ra7 Ra8 
28.Rxa8+ Bxa8 29.Nd2 Bd5 30.e4 Bc6 31.Nc4 a4 32.Nxe5 a3 33.Nxc6 a2 34.e5 
a1=Q+ 35.Bf1 Ke8 36.Nb4 Qxe5 37.Na6 Kd7 38.h4 f5 39.f4 Qe1 40.Kg2 Kc6 41.
Nb8+ Kb7 42.Na6 e5 43.fxe5 Qxe5 44.c6+ Kxc6 45.Nb4+ Kd6 46.Nd3 Qe4+ 47.Kf2
h6 48.Nf4 g5 49.hxg5 hxg5 0-1

[Event "14th EUR-ch"]
[Site "Legnica POL"]
[Date "2013.05.08"]
[Round "4"]
[White "Romanyshyn, Oleh"]
[Black "Vedder, Henk"]
[Result "1/2-1/2"]
[WhiteElo "2504"]
[BlackElo "2368"]
[EventDate "2013.05.05"]
[PlyCount "81"]

1.d4 d5 2.Nf3 g6 3.c4 dxc4 4.e4 Nf6 5.e5 Nd5 6.Bxc4 Nc6 7.Nc3 Nb6 8.Bb3 
Bg7 9.h3 O-O 10.O-O Na5 11.Bc2 Be6 12.Ng5 Qd7 13.Nxe6 Qxe6 14.Qe2 Rad8 15.
Rd1 Nc6 16.Bb3 Qc8 17.Be3 Na5 18.Bc2 Nac4 19.Bg5 f6 20.Bb3 fxg5 21.Bxc4+ 
Nxc4 22.Qxc4+ Kh8 23.Qe2 c5 24.Qe3 cxd4 25.Rxd4 Rxd4 26.Qxd4 Qb8 27.Re1 
Rf5 28.Qd7 Rxe5 29.Rxe5 Bxe5 30.Qxe7 h6 31.Qf7 Qg8 32.Qxb7 Bxc3 33.bxc3 
Qxa2 34.Qb8+ Kg7 35.Qe5+ Kf7 36.Qc7+ Kf6 37.Qd6+ Kf7 38.Qd7+ Kf6 39.Qd6+ 
Kf7 40.Qd7+ Kf6 41.Qd6+ 1/2-1/2

[Event "14th EUR-ch"]
[Site "Legnica POL"]
[Date "2013.05.08"]
[Round "4"]
[White "Holzke, Frank"]
[Black "Stanciu, Alexandru-Ovidiu"]
[Result "1-0"]
[WhiteElo "2499"]
[BlackElo "2335"]
[EventDate "2013.05.05"]
[PlyCount "69"]

1.e4 c5 2.Nf3 d6 3.d4 cxd4 4.Nxd4 Nf6 5.Nc3 Nc6 6.Bg5 Bd7 7.Be2 Qa5 8.Bxf6
gxf6 9.O-O Rg8 10.Nb3 Qg5 11.g3 O-O-O 12.a4 Kb8 13.a5 f5 14.exf5 Qxf5 15.
a6 b6 16.Bd3 Qh3 17.Qf3 Rc8 18.Rfe1 Rg5 19.Ra4 Rh5 20.Qh1 Rg5 21.Rf4 Qh5 
22.h4 Rg7 23.Nd5 f5 24.Bb5 Qh6 25.Rc4 e5 26.Nxb6 axb6 27.Bxc6 Bxc6 28.Rxc6
e4 29.Rxc8+ Kxc8 30.Qh3 Rg4 31.a7 Kb7 32.Qf1 Qg7 33.Qa6+ Kxa6 34.a8=Q+ Kb5
35.Qd5+ 1-0

[Event "14th EUR-ch"]
[Site "Legnica POL"]
[Date "2013.05.08"]
[Round "4"]
[White "Przezdziecka, Marta"]
[Black "Simacek, Pavel"]
[Result "1-0"]
[WhiteElo "2302"]
[BlackElo "2498"]
[EventDate "2013.05.05"]
[PlyCount "83"]

1.d4 d5 2.Nf3 c6 3.c4 e6 4.Qc2 Bd6 5.Nc3 f5 6.Bg5 Nf6 7.e3 O-O 8.Bd3 Nbd7 
9.O-O Qe7 10.cxd5 cxd5 11.Nb5 h6 12.Bf4 Bxf4 13.exf4 a6 14.Nc7 Ra7 15.Nh4 
Qf7 16.Rfe1 Nb8 17.Rac1 Nc6 18.Nxa6 Bd7 19.Nc5 Nxd4 20.Qc3 Nc6 21.Nf3 Ne4 
22.Qb3 Qe7 23.Nxd7 Qxd7 24.Bb5 Qd6 25.g3 Raa8 26.a3 Rfc8 27.Qd3 Na7 28.Nd4
Nc5 29.Rxc5 Rxc5 30.Rxe6 Qf8 31.Nxf5 Rc7 32.Qxd5 Kh8 33.Bd3 Re8 34.Nh4 
Rxe6 35.Qxe6 Qd8 36.Ng6+ Kh7 37.Qe4 Rc1+ 38.Kg2 Re1 39.Qf5 Qf6 40.Qd5 Re8 
41.Ne5+ Kh8 42.Qe4 1-0

[Event "14th EUR-ch"]
[Site "Legnica POL"]
[Date "2013.05.08"]
[Round "4"]
[White "Chudinovskikh, Alexander"]
[Black "Matinian, Nikita"]
[Result "1-0"]
[WhiteElo "2296"]
[BlackElo "2491"]
[EventDate "2013.05.05"]
[PlyCount "117"]

1.d4 Nf6 2.Nf3 g6 3.g3 Bg7 4.Bg2 O-O 5.O-O d6 6.Re1 c5 7.dxc5 dxc5 8.Qxd8 
Rxd8 9.c3 Nc6 10.Be3 c4 11.Na3 Nd5 12.Bd2 Nb6 13.h3 e5 14.e4 Be6 15.Be3 
Na4 16.Ng5 Bd7 17.Nxc4 h6 18.Nf3 Be6 19.Bf1 Rac8 20.Rec1 b5 21.Na3 a6 22.
b3 Bf8 23.bxa4 Bxa3 24.Rd1 Rxd1 25.Rxd1 bxa4 26.Bxa6 Rb8 27.c4 Bxh3 28.Bb5
Bg4 29.Kg2 Na5 30.Rd3 Bb2 31.Bxa4 Nxc4 32.Bxh6 Kh7 33.Bg5 Kg7 34.Bb3 Be6 
35.Nd2 Nxd2 36.Bxd2 Kf6 37.Rf3+ Ke7 38.Bg5+ Kd6 39.Bxe6 fxe6 40.Rb3 Rxb3 
41.axb3 Kc5 42.Bd2 Kd4 43.f3 Kd3 44.Be1 Bd4 45.Ba5 Kc2 46.b4 Bc3 47.Kh3 
Kd2 48.Kg4 Ke2 49.Bc7 Bxb4 50.Bxe5 Be7 51.Bg7 Kf2 52.e5 Kg2 53.f4 Kh2 54.
Bf6 Bf8 55.Kf3 Kh3 56.g4 Ba3 57.g5 Kh4 58.f5 exf5 59.e6 1-0

[Event "14th EUR-ch"]
[Site "Legnica POL"]
[Date "2013.05.08"]
[Round "4"]
[White "Minko, Vladimir"]
[Black "Danielian, Elina"]
[Result "1/2-1/2"]
[WhiteElo "2268"]
[BlackElo "2478"]
[EventDate "2013.05.05"]
[PlyCount "107"]

1.d4 Nf6 2.c4 e6 3.d5 exd5 4.cxd5 g6 5.Nc3 d6 6.g3 Bg7 7.Bg2 O-O 8.Nf3 Re8
9.O-O Na6 10.Nd4 Nc5 11.Nb3 Nce4 12.Nxe4 Nxe4 13.f3 Nf6 14.e4 a5 15.Kh1 a4
16.Nd4 Nd7 17.Be3 Ne5 18.Rc1 Bd7 19.f4 Ng4 20.Bg1 Rc8 21.h3 Nf6 22.Re1 c5 
23.dxc6 bxc6 24.Qd3 c5 25.Nf3 Qb6 26.e5 dxe5 27.Nxe5 Be6 28.Qa3 Nd7 29.
Qxa4 Nxe5 30.fxe5 Qxb2 31.Rxc5 Qxa2 32.Qxa2 Bxa2 33.Ra1 Be6 34.Raa5 Rxc5 
35.Rxc5 Rd8 36.Be3 h6 37.h4 Bf8 38.Ra5 Rd3 39.Bf4 Kg7 40.Ra1 Be7 41.Be4 
Rd4 42.Ra7 Bd8 43.Bc2 Rb4 44.Be3 Rb2 45.Be4 Re2 46.Ra3 g5 47.hxg5 Bxg5 48.
Bxg5 hxg5 49.Bf3 Rxe5 50.g4 Rb5 51.Kg2 Kf6 52.Kg3 Rb1 53.Re3 Rg1+ 54.Kf2 
1/2-1/2

[Event "14th EUR-ch"]
[Site "Legnica POL"]
[Date "2013.05.08"]
[Round "4"]
[White "Cernousek, Lukas"]
[Black "Maevsky, Nikolay"]
[Result "1-0"]
[WhiteElo "2476"]
[BlackElo "2323"]
[EventDate "2013.05.05"]
[PlyCount "107"]

1.d4 d5 2.c4 c6 3.Nf3 Nf6 4.Nc3 dxc4 5.a4 Bf5 6.Ne5 e6 7.f3 Bb4 8.Nxc4 c5 
9.dxc5 Qxd1+ 10.Kxd1 O-O 11.e4 Bg6 12.Nd6 Rd8 13.Ke1 Nc6 14.Nxb7 Rdb8 15.
Ba6 Nd4 16.Kf2 Nb3 17.Ra2 Bxc5+ 18.Nxc5 Nxc5 19.Be2 Rb4 20.Be3 Nfd7 21.Rd1
f6 22.Bb5 Be8 23.Rd4 Ne5 24.Ke2 Bxb5+ 25.axb5 Nc4 26.Rd1 Nxe3 27.Kxe3 a5 
28.bxa6 Rxa6 29.Rxa6 Nxa6 30.Rd6 Nc5 31.Rc6 Na4 32.Nxa4 Rxa4 33.Kd2 Kf7 
34.Rc7+ Kg6 35.Rc2 f5 36.exf5+ Kxf5 37.Kc3 g5 38.b4 g4 39.fxg4+ Kxg4 40.b5
Ra8 41.b6 Rb8 42.Rb2 e5 43.b7 Kf4 44.Kd3 e4+ 45.Ke2 Ke5 46.Ke3 Kd5 47.g4 
Kc6 48.g5 Kd5 49.h4 Kc6 50.h5 Kd5 51.g6 hxg6 52.hxg6 Kc6 53.g7 Kc7 54.Rb1 
1-0

[Event "14th EUR-ch"]
[Site "Legnica POL"]
[Date "2013.05.08"]
[Round "4"]
[White "Musialkiewicz, Jan"]
[Black "Can, Emre"]
[Result "1/2-1/2"]
[WhiteElo "2256"]
[BlackElo "2471"]
[EventDate "2013.05.05"]
[PlyCount "89"]

1.e4 c5 2.Nf3 Nc6 3.d4 cxd4 4.Nxd4 Nf6 5.Nc3 d6 6.Bg5 Bd7 7.Qd2 h6 8.Bxf6 
gxf6 9.O-O-O Nxd4 10.Qxd4 Qa5 11.Bc4 Rc8 12.Bb3 Qc5 13.Qd3 Qxf2 14.e5 fxe5
15.Rhf1 Qd4 16.Qe2 Qg4 17.Bxf7+ Kd8 18.Rf3 h5 19.Ne4 Bc6 20.Bd5 Bxd5 21.
Rxd5 Rg8 22.Kb1 Kc7 23.g3 Kb8 24.a4 Bh6 25.Qd3 Rgf8 26.Rxf8 Bxf8 27.Rb5 
Rc6 28.a5 Qc8 29.Ng5 e6 30.Qe4 a6 31.Rb3 Ka8 32.c3 Be7 33.Qg6 Bxg5 34.Qxg5
Rc5 35.Qxh5 e4 36.Qe2 Re5 37.h4 Qc5 38.Rb6 Qg1+ 39.Kc2 Rd5 40.Rb4 e3 41.
Kb3 Rxa5 42.Qf3 Rd5 43.Qf8+ Ka7 44.Rxb7+ Kxb7 45.Qe7+ 1/2-1/2

[Event "14th EUR-ch"]
[Site "Legnica POL"]
[Date "2013.05.08"]
[Round "4"]
[White "Rindlisbacher, Jan"]
[Black "Pacher, Milan"]
[Result "0-1"]
[WhiteElo "2241"]
[BlackElo "2470"]
[EventDate "2013.05.05"]
[PlyCount "56"]

1.d4 Nf6 2.c4 e6 3.Nf3 b6 4.g3 Ba6 5.b3 Bb4+ 6.Bd2 Be7 7.Bg2 c6 8.O-O d5 
9.Qc2 O-O 10.Rd1 Nbd7 11.a4 Rc8 12.a5 c5 13.axb6 Qxb6 14.Qa2 Bb7 15.Qxa7 
Qxb3 16.Qa4 dxc4 17.Qxb3 cxb3 18.Ra7 Bxf3 19.Bxf3 cxd4 20.Bg5 Bc5 21.Rb7 
Rb8 22.Bxf6 Nxf6 23.Rd3 Rxb7 24.Bxb7 b2 25.Rd2 Rb8 26.Rxb2 Ne4 27.Rb3 Ba7 
28.Bd5 exd5 0-1

[Event "14th EUR-ch"]
[Site "Legnica POL"]
[Date "2013.05.08"]
[Round "4"]
[White "Petenyi, Tamas"]
[Black "Selbes, Tarik"]
[Result "1-0"]
[WhiteElo "2455"]
[BlackElo "2314"]
[EventDate "2013.05.05"]
[PlyCount "147"]

1.e4 e5 2.Nf3 Nc6 3.Bb5 a6 4.Ba4 Nf6 5.Nc3 b5 6.Bb3 Be7 7.a4 Rb8 8.axb5 
axb5 9.O-O O-O 10.d3 d6 11.Nd5 Nxd5 12.Bxd5 Nb4 13.Bb3 c5 14.c3 Nc6 15.Be3
Qc7 16.h3 Bb7 17.Bd5 Nd8 18.Qb3 Bxd5 19.Qxd5 Ne6 20.Ra6 Qb7 21.Qxb7 Rxb7 
22.Rfa1 Rfb8 23.Nd2 Kf8 24.c4 Nc7 25.R6a3 Ke8 26.Kf1 Kd7 27.Ke2 h6 28.cxb5
Nxb5 29.Ra4 g6 30.Nc4 f5 31.f3 Bg5 32.Bf2 Nc7 33.g3 h5 34.R4a2 Bh6 35.h4 
Rb3 36.Ra7 R3b7 37.Be1 Nb5 38.Rxb7+ Rxb7 39.Ra8 Nd4+ 40.Kf2 fxe4 41.fxe4 
Ke6 42.Ra6 Rf7+ 43.Kg2 Bf8 44.Bf2 Rb7 45.Bxd4 exd4 46.Kf3 Rf7+ 47.Ke2 g5 
48.hxg5 Rg7 49.Ra8 Be7 50.Rh8 Rxg5 51.Kf3 d5 52.exd5+ Rxd5 53.Rh6+ Kf7 54.
Rh7+ Ke6 55.Rh6+ Kf7 56.Ke4 Rg5 57.Ne5+ Kg7 58.Re6 Bf6 59.Kf4 h4 60.gxh4 
Rg2 61.h5 Bxe5+ 62.Rxe5 Kh6 63.Rxc5 Rxb2 64.Ke4 Rb4 65.Rd5 Ra4 66.Rxd4 Ra8
67.Rd5 Ra4+ 68.d4 Ra1 69.Rf5 Ra4 70.Ke5 Kg7 71.d5 Ra6 72.d6 Ra7 73.Ke6 Ra8
74.d7 1-0

[Event "14th EUR-ch"]
[Site "Legnica POL"]
[Date "2013.05.08"]
[Round "4"]
[White "Simeonidis, Ioannis"]
[Black "Sipila, Vilka"]
[Result "1-0"]
[WhiteElo "2237"]
[BlackElo "2445"]
[EventDate "2013.05.05"]
[PlyCount "205"]

1.Nf3 Nf6 2.c4 g6 3.Nc3 Bg7 4.e4 d6 5.d4 O-O 6.h3 e5 7.d5 a5 8.Bg5 h6 9.
Be3 Na6 10.Nd2 Nc5 11.g4 c6 12.Be2 cxd5 13.cxd5 Ne8 14.h4 Bd7 15.h5 g5 16.
b3 Nc7 17.f3 b5 18.Rc1 Qe7 19.Kf1 Rfb8 20.Kg2 Qe8 21.a3 b4 22.axb4 axb4 
23.Ncb1 Bb5 24.Nc4 Bxc4 25.Bxc4 Nb7 26.Nd2 Bf8 27.Be2 Nb5 28.Bxb5 Qxb5 29.
Qf1 Qe8 30.Qd3 Ra2 31.Ra1 Rba8 32.Rxa2 Rxa2 33.Rc1 Qa8 34.Rc2 Ra1 35.Qb5 
Nc5 36.Bxc5 dxc5 37.Nc4 Ra2 38.Ne3 Ra1 39.Qe2 Qa3 40.Rd2 Qxb3 41.d6 Ra8 
42.d7 Rd8 43.Nc4 f6 44.Na5 Qa4 45.Qa6 Kg7 46.Qa7 c4 47.Qc7 c3 48.Qxd8 cxd2
49.Qc7 d1=Q 50.d8=Q+ Kg8 51.Qc4+ Kg7 52.Qdc7+ Qad7 53.Qxd7+ Qxd7 54.Nb3 
Qf7 55.Qxf7+ Kxf7 56.Kf2 Ke6 57.Ke2 Kd6 58.Kd3 Kc6 59.Kc4 Kb6 60.Nd2 Ka5 
61.Kd5 Ka4 62.Ke6 Bc5 63.Kxf6 Be3 64.Nb1 Kb3 65.Kg6 Kc2 66.Kxh6 Kxb1 67.
Kg6 b3 68.h6 b2 69.h7 Kc2 70.h8=Q b1=Q 71.Qxe5 Kd3 72.Qf5 Qb6+ 73.Kh5 Ke2 
74.e5 Qd8 75.e6 Qh8+ 76.Kg6 Qg8+ 77.Kh6 Qh8+ 78.Kg6 Qg8+ 79.Kh6 Qh8+ 80.
Kg6 Qg8+ 81.Kh6 Qh8+ 82.Kg6 Qd8 83.Qf6 Qd3+ 84.Kh6 Qd6 85.Kg6 Qd3+ 86.Kh6 
Qd6 87.Kg6 Bd4 88.Qf5 Be3 89.Qf6 Bc5 90.Kxg5 Qc7 91.Kg6 Be7 92.Qf7 Kf2 93.
f4 Kg3 94.g5 Qd8 95.Kh7 Kh4 96.g6 Bf6 97.g7 Bxg7 98.Kxg7 Kg4 99.e7 Qd4+ 
100.Kg8 Qd6 101.e8=Q Qh6 102.Qg6+ Qg5 103.Qxg5+ 1-0

[Event "14th EUR-ch"]
[Site "Legnica POL"]
[Date "2013.05.08"]
[Round "4"]
[White "Schachinger, Mario"]
[Black "Golub, Dan"]
[Result "0-1"]
[WhiteElo "2443"]
[BlackElo "2305"]
[EventDate "2013.05.05"]
[PlyCount "118"]

1.Nf3 Nf6 2.c4 g6 3.Nc3 Bg7 4.e4 d6 5.d4 O-O 6.Be2 e5 7.O-O Nc6 8.d5 Ne7 
9.Ne1 Ne8 10.Nd3 f5 11.f3 f4 12.Bd2 c5 13.Rb1 g5 14.b4 b6 15.a4 Nf6 16.g4 
fxg3 17.hxg3 Nh5 18.Kg2 Qe8 19.Rh1 Qg6 20.bxc5 bxc5 21.Nf2 Nf6 22.Nb5 Ne8 
23.Qg1 Qf6 24.Qh2 h6 25.Qh5 Qf7 26.Qxf7+ Rxf7 27.Rb3 Ng6 28.Rhb1 Rb7 29.
Nc3 Rab8 30.Rxb7 Rxb7 31.Rxb7 Bxb7 32.Ng4 Bc8 33.Ne3 Ne7 34.Bd3 Bf6 35.Ne2
Kf7 36.Ba5 h5 37.Nf5 Nxf5 38.exf5 g4 39.Nc3 a6 40.fxg4 hxg4 41.Ne4 Bd7 42.
Nf2 Bxa4 43.Nxg4 Bg5 44.Nf2 Nf6 45.Kf3 Bb3 46.g4 Bh4 47.Be2 Bc2 48.Kg2 e4 
49.Nh3 Nd7 50.g5 Ne5 51.Bh5+ Kg8 52.f6 e3 53.Bc3 Be4+ 54.Kh2 Ng6 55.Ba5 
Bd3 56.Bxg6 Bxg6 57.Nf4 Kf7 58.Nxg6 Kxg6 59.Kg2 e2 0-1

[Event "14th EUR-ch"]
[Site "Legnica POL"]
[Date "2013.05.08"]
[Round "4"]
[White "Anton, Teodor"]
[Black "Makolli, Perparim"]
[Result "1-0"]
[WhiteElo "2441"]
[BlackElo "2286"]
[EventDate "2013.05.05"]
[PlyCount "97"]

1.d4 Nf6 2.c4 e6 3.Nc3 Bb4 4.Nf3 d5 5.Bg5 Nbd7 6.e3 O-O 7.cxd5 Bxc3+ 8.
bxc3 exd5 9.Be2 c5 10.O-O Qa5 11.c4 cxd4 12.Qxd4 Re8 13.cxd5 Nxd5 14.Rac1 
N5b6 15.Qb2 Nf8 16.Bf4 Be6 17.a3 Rac8 18.Nd4 Rxc1 19.Rxc1 Rc8 20.h3 Na4 
21.Qa1 Qd2 22.Rxc8 Bxc8 23.Bf3 a6 24.Be5 f6 25.Bd5+ Kh8 26.Bd6 Ng6 27.Qb1 
b5 28.Qe4 Bd7 29.Be6 Bxe6 30.Qxe6 Qc1+ 31.Kh2 Qc4 32.Qd7 Qg8 33.Qc6 h5 34.
Qxa6 Qd5 35.Bb8 Qc5 36.Qxb5 Nh4 37.f3 Qg5 38.Bg3 Nxg2 39.Kxg2 h4 40.Qb8+ 
Kh7 41.Qf4 Qxg3+ 42.Qxg3 hxg3 43.Kxg3 g5 44.Kf2 Kg6 45.e4 Kf7 46.Ke3 Ke7 
47.f4 gxf4+ 48.Kxf4 Kf7 49.Kf5 1-0

[Event "14th EUR-ch"]
[Site "Legnica POL"]
[Date "2013.05.08"]
[Round "4"]
[White "Pavlidou, Ekaterini"]
[Black "Svane, Rasmus"]
[Result "0-1"]
[WhiteElo "2209"]
[BlackElo "2440"]
[EventDate "2013.05.05"]
[PlyCount "116"]

1.d4 e6 2.c4 b6 3.Nf3 Bb7 4.g3 Bxf3 5.exf3 d5 6.Bg2 Nf6 7.O-O Be7 8.cxd5 
exd5 9.Nc3 O-O 10.Bf4 c6 11.Be5 Ne8 12.Qa4 Nd6 13.f4 a5 14.Rac1 b5 15.Qc2 
Na6 16.Bxd6 Qxd6 17.Rfe1 Bf6 18.Qd2 Rfe8 19.Bf1 Rxe1 20.Rxe1 Qb4 21.Rd1 
Nc7 22.Ne2 Qxd2 23.Rxd2 Kf8 24.Rc2 Ra6 25.f3 Ke7 26.Kf2 Kd6 27.Ke3 Ra8 28.
Kd3 Re8 29.h4 a4 30.Rc1 Na6 31.Kd2 Nb4 32.Ra1 Ra8 33.a3 Na6 34.h5 Nc7 35.
Bh3 Re8 36.Rh1 Na8 37.Bf5 Nb6 38.Bd3 h6 39.g4 Nc4+ 40.Bxc4 bxc4 41.g5 hxg5
42.h6 gxh6 43.Rxh6 Ke7 44.Ng3 Rg8 45.Nf5+ Ke6 46.Ng3 Rh8 47.fxg5 Rxh6 48.
gxh6 Bg5+ 49.Kc3 Bxh6 50.Ne2 Bf8 51.Kc2 Bg7 52.Nc3 Bxd4 53.Nxa4 Kd6 54.Kd2
Kc7 55.Kc2 c5 56.f4 f5 57.b3 cxb3+ 58.Kxb3 Kc6 0-1

[Event "14th EUR-ch"]
[Site "Legnica POL"]
[Date "2013.05.08"]
[Round "4"]
[White "Drozdowski, Kacper"]
[Black "Sahitaj, Naim"]
[Result "1-0"]
[WhiteElo "2435"]
[BlackElo "2256"]
[EventDate "2013.05.05"]
[PlyCount "133"]

1.e4 d6 2.d4 Nf6 3.Nc3 g6 4.f4 a6 5.Nf3 b5 6.Bd3 Bb7 7.e5 Nd5 8.Nxd5 Bxd5 
9.Qe2 c5 10.f5 gxf5 11.Bxf5 e6 12.Be4 dxe5 13.Bg5 Be7 14.Bxd5 Qxd5 15.Bxe7
Kxe7 16.dxe5 Nc6 17.O-O Rhg8 18.c3 Rad8 19.g3 Rd7 20.a4 Qc4 21.Qf2 Kd8 22.
axb5 Qxb5 23.Rad1 Rxd1 24.Rxd1+ Kc8 25.Re1 Qd3 26.Nd2 Qd5 27.Qf4 Rd8 28.
Nc4 Kb8 29.Nd6 Rd7 30.Nxf7 Ka7 31.Nd6 Nxe5 32.Nc8+ Kb7 33.Qxe5 Qxe5 34.
Rxe5 Kxc8 35.Rxe6 Kb7 36.Kf2 Rd2+ 37.Re2 Rd7 38.Ke1 Kc6 39.Rd2 Rf7 40.Rf2 
Rd7 41.Rd2 Rf7 42.Kd1 Kb5 43.Kc2 a5 44.Kb3 a4+ 45.Ka3 Rf1 46.Ka2 Rh1 47.
Rf2 h5 48.Re2 Kb6 49.b3 axb3+ 50.Kxb3 Kb5 51.c4+ Ka5 52.Kc3 Rc1+ 53.Rc2 
Rh1 54.Ra2+ Kb6 55.Kd3 Rd1+ 56.Rd2 Re1 57.Rb2+ Kc6 58.Rf2 Rd1+ 59.Ke3 Re1+
60.Kf4 Rc1 61.Kg5 Rxc4 62.Kxh5 Rd4 63.g4 c4 64.g5 Kd6 65.g6 Ke7 66.g7 Rd8 
67.Kg6 1-0

[Event "14th EUR-ch"]
[Site "Legnica POL"]
[Date "2013.05.08"]
[Round "4"]
[White "Sabuk, Piotr"]
[Black "Diermair, Andreas"]
[Result "1-0"]
[WhiteElo "2206"]
[BlackElo "2431"]
[EventDate "2013.05.05"]
[PlyCount "91"]

1.d4 Nf6 2.c4 e6 3.g3 d5 4.Nf3 Bb4+ 5.Bd2 Be7 6.Bg2 O-O 7.O-O c6 8.Qc2 b6 
9.Rd1 Nbd7 10.Bf4 Ba6 11.Ne5 Rc8 12.Nc3 Bxc4 13.Nxc4 dxc4 14.e4 b5 15.d5 
cxd5 16.exd5 e5 17.d6 exf4 18.Nxb5 fxg3 19.hxg3 Rc5 20.dxe7 Qxe7 21.Nd6 
Qe6 22.Rd4 Nb6 23.b4 Re5 24.Kf1 g6 25.Rad1 Rd8 26.Bf3 Rd7 27.a4 Rc7 28.Nb5
Rd7 29.Rxd7 Nbxd7 30.Nxa7 Rf5 31.Qe2 Ne5 32.Be4 Nxe4 33.Qxe4 Qf6 34.Qd4 
Qa6 35.g4 Nxg4 36.Qxg4 Qxa7 37.Rd8+ Kg7 38.Qd4+ Qxd4 39.Rxd4 c3 40.Rc4 Kf6
41.b5 c2 42.b6 Rf3 43.Rxc2 Rb3 44.a5 Ke6 45.Ra2 Rb1+ 46.Kg2 1-0

[Event "14th EUR-ch"]
[Site "Legnica POL"]
[Date "2013.05.08"]
[Round "4"]
[White "Szumilas, Piotr"]
[Black "Perunovic, Miodrag"]
[Result "0-1"]
[WhiteElo "2198"]
[BlackElo "2430"]
[EventDate "2013.05.05"]
[PlyCount "84"]

1.e4 c5 2.Nf3 d6 3.c3 Nf6 4.Bd3 Nc6 5.Bc2 Bg4 6.h3 Bxf3 7.Qxf3 g6 8.d3 Bg7
9.Qe2 O-O 10.O-O b5 11.Nd2 Rb8 12.a3 a5 13.Nf3 Nd7 14.Be3 b4 15.axb4 axb4 
16.d4 bxc3 17.bxc3 Rb2 18.Bc1 Rb6 19.Be3 Qc7 20.Ra4 Rfb8 21.Rfa1 Rb2 22.
Bc1 R2b7 23.d5 Na7 24.Qe3 Nb5 25.e5 dxe5 26.Rh4 e4 27.Ng5 Nf6 28.Bxe4 Nd6 
29.Bc2 Nxd5 30.Qf3 Nf6 31.Bf4 Rb2 32.Bd3 Qb7 33.Qg3 Rd8 34.Be5 Qd7 35.Qf3 
h6 36.Ne4 Nfxe4 37.Bxg7 Ng5 38.Qe3 Kxg7 39.f4 Nh7 40.f5 g5 41.Rha4 Nf6 42.
Qxc5 Qb7 0-1

[Event "14th EUR-ch"]
[Site "Legnica POL"]
[Date "2013.05.08"]
[Round "4"]
[White "Iwanow, Anna"]
[Black "Kanter, Eduard"]
[Result "0-1"]
[WhiteElo "2195"]
[BlackElo "2418"]
[EventDate "2013.05.05"]
[PlyCount "100"]

1.e4 c5 2.Nf3 d6 3.d4 cxd4 4.Nxd4 Nf6 5.Nc3 g6 6.Be3 Bg7 7.f3 O-O 8.Qd2 
Nc6 9.O-O-O d5 10.exd5 Nxd5 11.Nxc6 bxc6 12.Bd4 Bxd4 13.Qxd4 Qc7 14.h4 Rd8
15.h5 Bf5 16.hxg6 Bxg6 17.Bd3 Nf4 18.Qc4 Nxd3+ 19.cxd3 Qe5 20.Rhe1 Qg5+ 
21.f4 Qh4 22.Re3 Rab8 23.g3 Qh2 24.b3 e6 25.Qc5 Rd7 26.Qe5 Rbd8 27.Ne4 
Bxe4 28.Rxe4 Rd5 29.Qf6 Rc5+ 30.Rc4 Rdd5 31.Kb1 Qe2 32.Rdc1 Qxd3+ 33.Kb2 
Rxc4 34.Rxc4 c5 35.Qe7 Qxg3 36.Qxa7 Qf2+ 37.Ka3 h5 38.Qb8+ Kg7 39.Ra4 c4 
40.Ra8 Qc5+ 41.b4 Qe3+ 42.Ka4 Kf6 43.Qh8+ Kf5 44.Qxh5+ Ke4 45.Qxf7 Kd3 46.
Qh7+ Kc3 47.Qg7+ Kc2 48.Re8 c3 49.Qc7 Kb2 50.b5 Qd3 0-1